Integrating Technology In the Classroom (Record no. 33672)

MARC details
000 -LEADER
fixed length control field 00480nam a22001817a 4500
005 - DATE AND TIME OF LATEST TRANSACTION
control field 20230921195243.0
008 - FIXED-LENGTH DATA ELEMENTS--GENERAL INFORMATION
fixed length control field 230921b |||||||| |||| 00| 0 eng d
020 ## - INTERNATIONAL STANDARD BOOK NUMBER
ISBN 9780619201807
082 ## - DEWEY DECIMAL CLASSIFICATION NUMBER
Classification number 371.334
Item number CAS-I
245 ## - TITLE STATEMENT
Title Integrating Technology In the Classroom
Remainder of title Teachers Discovering Computers
250 ## - EDITION STATEMENT
Edition statement 3rd.ed.
260 ## - PUBLICATION, DISTRIBUTION, ETC.
Place of Publication USA
Name of publisher, distributor, etc. Thomson
Date of publication, distribution, etc. 2004
300 ## - PHYSICAL DESCRIPTION
Pages 8.58
500 ## - GENERAL NOTE
General note Include Appendix A
650 ## - SUBJECT ADDED ENTRY--TOPICAL TERM
Subject / Department Engineering
700 ## - ADDED ENTRY--PERSONAL NAME
Personal name Shelly,Cashman
952 ## - LOCATION AND ITEM INFORMATION (KOHA)
-- 0
-- 0
Holdings
Lost status Damaged status Permanent Location Current Location Shelving Location Date acquired Full Call Number Accession No./Barcode Date last seen item type
    Superior Information Resource Center (SIRC) Superior University- Central Library Superior Information Resource Center (SIRC) Superior University- Central Library Engineering 09/21/2023 371.334 CAS-I 2004 20576 09/21/2023 BOOK

Powered by Koha